Poemas

Uloženo v:
Podrobná bibliografie
Hlavní autor: Heine, Heinrich, 1797-1856 (Autor)
Médium: Kniha
Jazyk:španělština
Vydáno: Barcelona Lumen 1981
Vydání:2a. ed
Edice:Poesía, 4
Témata:
Tagy: Přidat tag
Žádné tagy, Buďte první, kdo vytvoří štítek k tomuto záznamu!

MARC

LEADER 00000cam a2200000 a 4500
001 UCD7559
003 CL-VaPUC
008 170331e19810000sp |||||||||||||||||spa|d
020 |a 8426427049 
082 0 4 |a 831  |b HEI  |2 21 
100 |a Heine, Heinrich,  |d 1797-1856  |e author  |9 350183 
245 1 0 |a Poemas 
250 |a 2a. ed 
300 |a 104 p 
942 |c BK 
945 |d 20170331 00:58:00  |a dcastane 
260 |a Barcelona  |b Lumen  |c 1981 
650 0 |a Poesía alemana  |9 591563 
650 0 |a Romanticismo en la literatura  |9 313777 
650 7 |a POETAS ALEMANES  |2 CL-VaPUC  |9 345437 
583 |a last modification  |c 20170331 00:58:00  |k Rodrigo Vera 
490 0 |a Poesía, 4 
999 |c 367541  |d 367539 
952 |0 0  |1 0  |3 erb  |4 0  |6 831_000000000000000_HEI_1981  |7 0  |8 A  |9 482487  |a BIBART  |b BIBART  |i 5239761  |o 831 HEI 1981  |p 5239761  |r 2025-03-13  |w 2019-11-24  |y BK  |z Catalogado en:20170331  |k ART